00201nam a2200085Ia 4500008004100000100001600041245002800057260002100085260000900106170620s9999 xx 000 0 und d aS. N. Singh 0aCode of Civil Procedure bCentral Law Pub. c2001